Biblioteconomía : boletín de la Escuela de Bibliotecarias de Barcelona boletín de la Escuela de Bibliotecarias de Barcelona
Descripción Física:
12 vols. enquadernats ; 22 cm ; periodicitat : irregular
MARC
| LEADER | 00000nas a2200000 a 4500 | ||
|---|---|---|---|
| 001 | 17048, 13765, 13766, 13767, 13768, 13769, 13770, 13771, 13772, 13773 | ||
| 003 | Arxiu | ||
| 005 | 20260324181036.0 | ||
| 008 | 160829s1944 - [1976] xx 000 0 cat d | ||
| 245 | |a Biblioteconomía : |b boletín de la Escuela de Bibliotecarias de Barcelona | ||
| 260 | |a Barcelona : |b la Escuela ; |c 1944 - [1976] | ||
| 300 | |a 12 vols. enquadernats ; |c 22 cm ; |b periodicitat : irregular | ||
| 310 | |a Irregular | ||
| 362 | |a Año 1, no. 1 (enero/marzo 1944)- | ||
| 590 | |a La 1a època de la revista va de 1944 a 1971, la 2a època, de 1973 a 1976. | ||
| 590 | |a A partir de 1973 l'entitat es diu: Escola de Bibliologia. | ||
| 590 | |a Referències bibliogràfiques. | ||
| 650 | |a Biblioteconomia |x Revistes |9 30090 | ||
| 655 | |a Revistes |9 55823 | ||
| 710 | 2 | |a Escola de Bibliotecàries |9 54304 | |
| 710 | 2 | |a Escola de Bibliologia |9 70781 | |
| 785 | 0 | 0 | |t BiD |
| 866 | |a Any 1 (gener-març 1944) -- Any 3, núm. 11 (juliol-setembre 1946) | ||
| 866 | |a Any 5, núm. 18 (abril-juny 1948) | ||
| 866 | |a Any 5, núm. 20 (octubre-desembre 1948) | ||
| 866 | |a Any 7, núm. 25 (gener-març 1950) -- Any 33, núm. 80 (1976) | ||
| 901 | |a Arxiu | ||
| 942 | |n 1 |2 udc |c REV | ||
| 952 | |0 0 |1 0 |2 udc |4 0 |7 1 |9 45259 |a Arxiu |b Arxiu |d 2016-12-01 |h Any 1 (gener-març 1944) -- Any 2 (octubre-desembre 1945) |o Rev-128 |p 17048 |r 2016-12-01 00:00:00 |w 2016-12-01 |y ARXIU | ||
| 952 | |0 0 |1 0 |2 udc |4 0 |6 REV129 |7 1 |9 62768 |a Arxiu |b Arxiu |d 2022-07-12 |h Any 3, núm. 11 (juliol-setembre 1946) |l 0 |o Rev-129 |p 26244 |r 2022-07-12 00:00:00 |w 2022-07-12 |y ARXIU | ||
| 952 | |0 0 |1 0 |2 udc |4 0 |6 REV130 |7 1 |9 62769 |a Arxiu |b Arxiu |d 2022-07-12 |h Any 5, núm. 18 (abril-juny 1948) |l 0 |o Rev-130 |p 26245 |r 2022-07-12 00:00:00 |w 2022-07-12 |y ARXIU | ||
| 952 | |0 0 |1 0 |2 udc |4 0 |6 REV131 |7 1 |9 62770 |a Arxiu |b Arxiu |d 2022-07-12 |h Any 5, núm. 20 (octubre-desembre 1948) |l 0 |o Rev-131 |p 26246 |r 2022-07-12 00:00:00 |w 2022-07-12 |y ARXIU | ||
| 952 | |0 0 |1 0 |2 udc |4 0 |6 REV132 |7 1 |9 62771 |a Arxiu |b Arxiu |d 2022-07-12 |h Any 7, núm. 25 (gener-març 1950) |l 0 |o Rev-132 |p 26247 |r 2022-07-12 00:00:00 |w 2022-07-12 |y ARXIU | ||
| 952 | |0 0 |1 0 |2 udc |4 0 |7 1 |9 62772 |a Arxiu |b Arxiu |d 2022-07-12 |h Any 8, núms. 29-30 (gener-juny 1951) |o Rev-133 |p 26248 |r 2022-07-12 00:00:00 |w 2022-07-12 |y ARXIU | ||
| 952 | |0 0 |1 0 |2 udc |4 0 |6 REV134 |7 1 |9 62773 |a Arxiu |b Arxiu |d 2022-07-12 |h Any 8, núms. 31-32 (juliol-desembre 1951) |l 0 |o Rev-134 |p 26249 |r 2022-07-12 00:00:00 |w 2022-07-12 |y ARXIU | ||
| 952 | |0 0 |1 0 |2 udc |4 0 |7 1 |9 62774 |a Arxiu |b Arxiu |d 2022-07-12 |h Any 9, núms. 33-36 (1952) |o Rev-135 |p 26250 |r 2022-07-12 00:00:00 |w 2022-07-12 |y ARXIU | ||
| 952 | |0 0 |1 0 |2 udc |4 0 |6 REV136 |7 1 |9 62777 |a Arxiu |b Arxiu |d 2022-07-12 |h Any 10, núm. 37 (gener-juny 1953) -- Any 11, núm. 40 (juliol-desembre 1954) |l 0 |o Rev-136 |p 13765 |r 2022-07-12 00:00:00 |w 2022-07-12 |y ARXIU | ||
| 952 | |0 0 |1 0 |2 udc |4 0 |6 REV137 |7 1 |9 62778 |a Arxiu |b Arxiu |d 2022-07-12 |h Any 12, núm. 41 (gener-juny 1955) -- Any 13, núm. 44 (juliol-desembre 1956) |l 0 |o Rev-137 |p 13766 |r 2022-07-12 00:00:00 |w 2022-07-12 |y ARXIU | ||
| 952 | |0 0 |1 0 |2 udc |4 0 |6 REV138 |7 1 |9 62779 |a Arxiu |b Arxiu |d 2022-07-12 |h Any 14, núms. 45-46 -- Any 16, núm. 50 (juliol-desembre 1959) |l 0 |o Rev-138 |p 13767 |r 2022-07-12 00:00:00 |w 2022-07-12 |y ARXIU | ||
| 952 | |0 0 |1 0 |2 udc |4 0 |7 1 |9 62780 |a Arxiu |b Arxiu |d 2022-07-12 |h Any 17, núms. 51-52 (1960) |o Rev-139 |p 26251 |r 2022-07-12 00:00:00 |w 2022-07-12 |y ARXIU | ||
| 952 | |0 0 |1 0 |2 udc |4 0 |7 1 |9 62781 |a Arxiu |b Arxiu |d 2022-07-12 |h Any 18, núms. 53-54 (1961) -- Any 21, núms. 59-60 (1964) |o Rev-140 |p 13768 |r 2022-07-12 00:00:00 |w 2022-07-12 |y ARXIU | ||
| 952 | |0 0 |1 0 |2 udc |4 0 |7 1 |9 62782 |a Arxiu |b Arxiu |d 2022-07-12 |h Any 22, núms. 61-62 (1965) -- Any 24, núms. 65-66 (1967) |o Rev-141 |p 13769 |r 2022-07-12 00:00:00 |w 2022-07-12 |y ARXIU | ||
| 952 | |0 0 |1 0 |2 udc |4 0 |7 1 |9 63193 |a Arxiu |b Arxiu |d 2022-07-26 |h Any 25, núms. 67-68 (1968) -- Any 26, núms. 69-70 (1969) |o Rev-142 |p 13770 |r 2022-07-26 00:00:00 |w 2022-07-26 |y ARXIU | ||
| 952 | |0 0 |1 0 |2 udc |4 0 |7 1 |9 63194 |a Arxiu |b Arxiu |d 2022-07-26 |h Any 27, núms. 71-72 (1970) -- Any 28, núms. 73-74 (1971) |o Rev-143 |p 13771 |r 2022-07-26 00:00:00 |w 2022-07-26 |y ARXIU | ||
| 952 | |0 0 |1 0 |2 udc |4 0 |7 1 |9 63196 |a Arxiu |b Arxiu |d 2022-07-26 |h Any 29, núms. 75-76 (1972) -- Anys 30-31, núms. 77-78 (1973-1974) |o Rev-144 |p 13772 |r 2022-07-26 00:00:00 |w 2022-07-26 |y ARXIU | ||
| 952 | |0 0 |1 0 |2 udc |4 0 |7 1 |9 63198 |a Arxiu |b Arxiu |d 2022-07-26 |h Any 32, núm. 79 (1975) -- Any 33, núm. 80 (1976) |o Rev-145 |p 13773 |r 2022-07-26 00:00:00 |w 2022-07-26 |y ARXIU | ||
| 999 | |c 48333 |d 48333 | ||